Statistics for Rivers going through at least 2 World Capitals

Click here to take the quiz!

General Stats

  • This quiz has been taken 109 times
  • The average score is 14 of 21

Answer Stats

ANSWER% Correct
Danube
98%
Nile
89%
Budapest
81%
Congo
81%
Vienna
81%
Mekong
80%
Bratislava
75%
Cairo
75%
Belgrade
74%
Khartoum
71%
Kinshasa
69%
Niger
67%
Juba
64%
Phnom Penh
64%
Brazzaville
63%
Vientiane
62%
Niamey
52%
Bamako
49%
Río de la Plata
42%
Buenos Aires
40%
Montevideo
40%

Score Distribution

Percentile by Number Answered

Percent of People with Each Score

Your Score History

You have not taken this quiz